| Поле | Название | Значение |
| |
Тип записи |
k |
| |
Библиографический уровень |
m |
| 001 |
Контрольный номер |
RU/SLIB/B/208730189 |
| 005 |
Дата корректировки |
20240710144724.7 |
| 010 |
Индекс ISBN |
__ |
| d |
Цена |
30-00 |
| 101 |
Язык документа |
0_ |
| a |
Язык текста |
rus |
| c |
Язык оригинала |
rus |
| 200 |
Заглавие и сведения об ответственности |
1_ |
| a |
Заглавие |
Петропавловская крепость |
| b |
Общее обозначение материала |
Изоматериал |
| 210 |
Выходные данные |
1_ |
| a |
Место издания |
Л. |
| c |
Издательство |
[б. и.] |
| d |
Дата издания |
[19--] |
| 215 |
Физическое описание |
__ |
| a |
Объем |
1 ндп (12 дп), в обл. |
| c |
Иллюстрации/тип воспроизводства |
цв. |
| 517 |
Другие варианты заглавия |
1_ |
| a |
Другие варианты заглавия |
Невские ворота и Комендантская пристань / Н. Львов |
| 517 |
Другие варианты заглавия |
1_ |
| a |
Другие варианты заглавия |
Петровские ворота / Д. Трезини |
| 517 |
Другие варианты заглавия |
1_ |
| a |
Другие варианты заглавия |
Петропавловский собор / Д. Трезини |
| 517 |
Другие варианты заглавия |
1_ |
| a |
Другие варианты заглавия |
Интерьер собора |
| 517 |
Другие варианты заглавия |
1_ |
| a |
Другие варианты заглавия |
Иконостас / И. Зарудный |
| 517 |
Другие варианты заглавия |
1_ |
| a |
Другие варианты заглавия |
Инженерный дом |
| 517 |
Другие варианты заглавия |
1_ |
| a |
Другие варианты заглавия |
Экспозиция "Тюрьма Трубецкого бастиона" |
| 517 |
Другие варианты заглавия |
1_ |
| a |
Другие варианты заглавия |
Сигнальные пушки на Нарышкином бастионе |
| 517 |
Другие варианты заглавия |
1_ |
| a |
Другие варианты заглавия |
Вид на крепость с Невы |
| 517 |
Другие варианты заглавия |
1_ |
| a |
Другие варианты заглавия |
План карты |
| 605 |
Заглавие как предмет |
__ |
| a |
Заглавие |
Петропавловская крепость |
| 606 |
Тематические рубрики |
__ |
| a |
Основная рубрика |
Изобразительное искусство и архитектура |
| 606 |
Тематические рубрики |
__ |
| a |
Основная рубрика |
История архитектуры |
| z |
Хронологическая подрубрика |
18 в.; 19 в. |
| y |
Географическая подрубрика |
Россия; Санкт-Петербург |
| 610 |
Ключевые слова |
0_ |
| a |
Ключевые слова |
города; русская культура; архитектурные памятники; соборы; иконостас; крепости; история городов |
| 686 |
Индексы других классификаций |
__ |
| a |
Классификационный индекс |
ст85.113(2-2Санкт-Петербург)я0 |
| 702 |
Вторичная интеллектуальная ответственность |
_1 |
| a |
Фамилия |
Львов |
| b |
Имя |
Н. |
| 4 |
Код отношения |
Автор |
| 702 |
Вторичная интеллектуальная ответственность |
_1 |
| a |
Фамилия |
Трезини |
| b |
Имя |
Д. |
| 4 |
Код отношения |
Автор |
| 702 |
Вторичная интеллектуальная ответственность |
_1 |
| a |
Фамилия |
Зарудный |
| b |
Имя |
И. |
| 4 |
Код отношения |
Автор |
| 801 |
Источник записи |
_0 |
| a |
Страна |
RU |
| b |
Организация |
Муниципальное бюджетное учреждение культуры "Централизованная библиотечная система" г. Сургут (Центральная городская библиотека им. А. С. Пушкина) |
| g |
Правила каталогизации |
ММ/Пронина |
| 801 |
Источник записи |
_1 |
| a |
Страна |
RU |
| b |
Организация |
Муниципальное бюджетное учреждение культуры "Централизованная библиотечная система" г. Сургут (Центральная городская библиотека им. А. С. Пушкина) |
| g |
Правила каталогизации |
ММ/Пронина |
| 852 |
Данные о местонахождении |
__ |
| j |
Шифр хранения |
ст85.113(2-2Санкт-Петербург)я0 |
| c |
Каталожный индекс |
85.113(2-2Санкт-Петербург)1я04 |
| i |
Авторский знак |
П 31 |
| p |
Инвентарный номер |
Б/Н |
| 901 |
Тип документа |
__ |
| t |
Тип документа |
m |
| 903 |
Характеристики (МАРС) |
__ |
| a |
Дата передачи |
20081222; 20020903 |
| 969 |
Тип издания |
__ |
| a |
Тип издания |
диафильм |
| 990 |
Данные о заказе (DOS) |
__ |
| h |
N записи в КСУ для Б/У (DOS) |
200210 |
| j |
Количество экземпляров (DOS) |
1 |